000 00556cam a22002051 4500
001 ne 68003794
003 DLC
005 20260227111847.0
008 940308s1966 tu 000 0 tur
010 _ane 68003794
035 _a(OCoLC)29927557
040 _aDLC
_cCU
_dDLC
042 _apremarc
050 0 0 _aPL248.C25
_bB4
100 1 _aÇağlar, Behçet Kemal.
245 1 0 _aBenden içeri;
_bşiirler.
260 _aAnkara,
_bAjans-Türk Matbaası
_c[1966]
300 _a420 p.
_c21 cm.
500 _aIncludes translations of works of foreign poets.
999 _c50827
_d50827